Statistics for One-Hit Wonders of 2017 (Billboard Hot 100)

Click here to take the quiz!

General Stats

  • This quiz has been taken 16 times
    (2 since last reset)
  • The average score is 17 of 39

Answer Stats

MonthPeakOne Hit Wonder Artist(s)Song% Correct
January#4KYLE (with feature by Lil Yachty)iSpy
100%
#20Ayo & TeoRolex
100%
#74Rag'n'Bone ManHuman
100%
July#4Portugal. The ManFeel It Still
100%
October#20Artists for Puerto Rico (featured by Lin-Manuel Miranda)Almost Like Praying
50%
#40Watt (featured by Hailee Steinfeld & Alesso, collaborative feature with Florida Georgia Line)Let Me Go
50%
#45LANCOGreatest Love Story
50%
#20MAX (with feature by gnash)Lights Down Low
50%
#80RiceGum & Alissa VioletIt's Every Night Sis
50%
#54KaleoWay Down We Go
50%
#44Tay-KThe Race
50%
#84The RevivalistsWish I Knew You
50%
November#36N*E*R*D (with feature by Rihanna)Lemon
50%
#40Digital Farm Animals (featured by Louis Tomlinson, collaborative feature with Digital Farm Animals)Back to You
50%
#96The Dap-Kings Horns (featured by Kesha)Woman
50%
#86Erika Costell & Uncle Kade (featured by Jake Paul)Jerika
50%
#45GoldLink & Sly Glizzy (collaboration with Brent Faiyaz)Crew
50%
September#20Bloodpop (collaboration with Justin Bieber)Friends
50%
#91Team 10 (featured by Jake Paul)It's Everyday Bro
50%
#100Lauren Jauregui (featured by Halsey)Strangers
50%
#48Tee GrizzleyFirst Day Out
50%
February#21Marian HillDown
50%
#68Hey VioletGuys My Age
50%
#93Calum ScottDancing On My Own
50%
March#4Skip Marley (featured by Katy Perry)Chained to the Rhythm
50%
#72DJ Suede the Remix God!Cash Me Outside (#CashMeOutside)
50%
December#64Lil XanBetrayed
50%
#84Lord HuronThe Night We Met
50%
#7399 Percent (collaboration with Flo Rida)Cake
50%
June#38Cheat Codes (with feature by Demi Lovato)No Promises
50%
#77Descendants 2 CastIt's Goin' Down
0%
#66Chris BlueMoney on You
0%
April#45Black Coffee (featured by Drake, collaborative feature with Jorja Smith)Get It Together
0%
May#87Damian Lemar Hudson (featured by Logic)Black SpiderMan
0%
#24Oh Wonder (featured by Lil Uzi Vert, collaborative feature with Nicki Minaj)The Way Life Goes
0%
#71Lamb (featured by Missy Elliott)I'm Better
0%
August#75Max B (featured by French Montana, collaborative feature with The Weeknd)A Lie
0%
#56Gloria Carter (featured by Jay-Z)Smile
0%
#81Zion & Lennox (featured by Enrique Iglesias, collaborative feature with Descemer Bueno & Sean Paul)Subeme La Radio
0%

Score Distribution

Percentile by Number Answered

Percent of People with Each Score

Your Score History

You have not taken this quiz since the last reset